|
|
|
|
| LEADER |
00000cam a2200000 7i4500 |
| 001 |
0000009887 |
| 005 |
20241004.0 |
| 008 |
020304 caua eng |
| 020 |
|
|
|a 0210700344 (pbk)
|
| 040 |
|
|
|a INS
|b eng
|e rda
|
| 090 |
0 |
0 |
|a T385
|b .R577 2000
|
| 100 |
1 |
|
|a Roame, Tony ,
|e author
|
| 245 |
1 |
0 |
|a Freehand 9 Authorzed
|c Tony Roame
|
| 264 |
|
1 |
|a Berkeley, CA. :
|b Macromedia Preee
|c c2000
|
| 300 |
|
|
|a viii, 453 pages :
|b illustrations ;
|c 26 cm +.
|e 1 computer optical disc (4 3/4 in.)
|
| 336 |
|
|
|a text
|2 rdacontent
|
| 337 |
|
|
|a unmediated
|2 rdamedia
|
| 338 |
|
|
|a volume
|2 rdacarrier
|
| 500 |
|
|
|a Includes index
|
| 650 |
|
0 |
|a Computer graphics
|
| 650 |
|
0 |
|a FreeHand (Computer file)
|
| 650 |
|
0 |
|a Web sites
|x Design
|
| 999 |
|
|
|a 0000008938
|b BOOK
|c Open Shelf
|e Default branch
|
| 999 |
|
|
|a 0000024977
|b BOOK
|c Open Shelf
|e Default branch
|